Statistics for Mystery Taylor Swift Song #31

Click here to take the quiz!

General Stats

  • This quiz has been taken 785 times
    (688 since last reset)
  • The average score is 38 of 110

Answer Stats

Song% Correct
I
90%
you
89%
a
84%
love
84%
Fearless TV
79%
The
79%
me
74%
and
70%
to
69%
your
69%
It
67%
is
66%
in
65%
my
63%
on
63%
so
62%
all
57%
was
57%
You're
57%
I'm
56%
that
54%
like
53%
Then
53%
This
52%
were
52%
it's
51%
not
51%
of
51%
want
49%
are
46%
but
46%
say
46%
have
43%
can't
42%
see
42%
time
42%
just
41%
baby
40%
could
40%
way
40%
at
39%
'Cause
38%
I'll
38%
last
38%
how
37%
now
37%
come
35%
down
34%
never
34%
Bye
33%
didn't
31%
Oh
31%
back
30%
thought
30%
Bye Bye Baby
28%
here
28%
always
27%
rain
27%
side
27%
took
27%
couldn't
26%
everything
26%
home
26%
nothing
26%
movie
25%
bad
24%
keep
23%
still
22%
wasn't
22%
Feels
20%
again
19%
There's
19%
through
19%
away
18%
drive
18%
gonna
18%
sympathy
18%
try
18%
clothes
17%
Lost
17%
much
17%
skin
17%
soak
17%
we'd
17%
enough
16%
guess
16%
hands
16%
sure
16%
part
15%
past
15%
picture
15%
scared
15%
touch
15%
driving
14%
empty
14%
ends
14%
frame
14%
becoming
13%
dash
13%
dresser
13%
gray
13%
hesitation
13%
slipping
13%
vacant
13%
writing
13%
doubted
12%
fray
12%
grab
12%
floods
11%
pages
11%

Score Distribution

Percentile by Number Answered

Percent of People with Each Score

Your Score History

You have not taken this quiz since the last reset